| 000 | 00000nam##2200000za#4500 |
| 001 | 9.681759 |
| 003 | CaOODSP |
| 005 | 20200330071820 |
| 007 | ta |
| 008 | 150407|1997||||xxc||||| f|0| 0 fre|d |
| 020 | |a0-662-86710-6 |
| 040 | |aCaOODSP|bfre |
| 043 | |an-cn--- |
| 086 | 1 |aE2-371/1997F |
| 110 | 1 |aCanada.|bAffaires étrangères et Commerce international. |bCentre canadien pour le développement de la politique étrangère. |
| 245 | 10|aÉgalité des sexes et consolidation de la paix / |cpar Kimberley Manning et Barbara Arneil. |
| 260 | |aOttawa - Ontario : |bAffaires étrangères et Commerce international. |c1997. |
| 300 | |a32p.en pagination multiple : |c28 cm. |
| 504 | |aBibliographie. |
| 563 | |aCouverture souple |
| 590 | |a02-33|b2002-08-16 |
| 691 | 07|aÉgalité des sexes|2gcpds |
| 691 | 07|aMaintien de la paix|2gcpds |
| 691 | 07|aOrganisme non gouvernemental|2gcpds |
| 720 | 1 |aArneil, Barbara |
| 720 | 1 |aManning, Kimberley |
| 775 | 08|tEngendering peace building / |w(CaOODSP)9.648199 |
| 776 | 0#|tÉgalité des sexes et consolidation de la paix (le 20 mars 1997) / |w(CaOODSP)9.630753 |